书目信息 |
| 题名: |
印相与放大技术
|
|
| 作者: | 唐光波 编著 | |
| 分册: | ||
| 出版信息: | 上海 上海人民美术出版社 1974 |
|
| 页数: | 96页 | |
| 开本: | 19cm | |
| 丛书名: | 实用摄影知识丛书 | |
| 单 册: | ||
| 中图分类: | TB882 | |
| 科图分类: | ||
| 主题词: | 印相-放大 , 放大-印相 , 印相 | |
| 电子资源: | ||
| ISBN: | ||
| 000 | 00719nam2 2200265 45 | |
| 001 | 0178001196 | |
| 005 | 20070922103546.20 | |
| 010 | @dCNY0.24 | |
| 091 | @a8081.11181 | |
| 100 | @a19950801d1974 em y0chiy0121 ea | |
| 101 | 0 | @achi |
| 102 | @aCN@b310000 | |
| 105 | @af z 000yy | |
| 200 | 10 | @a印相与放大技术@Ayin xiang yu fang da ji shu@f唐光波等编著@Ftang guang bo deng bian zhu |
| 210 | @a上海@c上海人民美术出版社@d1974 | |
| 215 | @a96页@d19cm | |
| 225 | 2 | @a实用摄影知识丛书 |
| 410 | 0 | @120010@a实用摄影知识丛书 |
| 606 | @a印相-放大 | |
| 606 | @a放大-印相 | |
| 606 | @a印相 | |
| 690 | @aTB882@v3 | |
| 701 | 0 | @a唐光波@Atang guang bo@4编著 |
| 801 | 0 | @aCN@bTSSF@c20070922 |
| 905 | @a10447@dTB882@e2 | |
| 印相与放大技术/唐光波等编著.-上海:上海人民美术出版社,1974 |
| 96页;19cm.-(实用摄影知识丛书) |
| ISBN :CNY0.24 |
| ● |
| 相关链接 |
|
|
|
|
正题名:印相与放大技术
索取号:TB882/2
 
预约/预借
| 序号 | 登录号 | 条形码 | 馆藏地/架位号 | 状态 | 备注 |
| 1 | 0008967 | 202289781 | 密集书库/ [索取号:TB882/2] | 在馆 | |
| 2 | 0008968 | 202289674 | 密集书库/ [索取号:TB882/2] | 在馆 | |
| 3 | 0008969 | 202289754 | 密集书库/ [索取号:TB882/2] | 在馆 | |
| 4 | 0609531 | 206095312 | 密集书库/ [索取号:TB882/2] | 在馆 |